| Tag |
First Indicator |
Second Indicator |
Subfields |
| LEADER |
00000cam a2200000Mi 4500 |
| 001 |
in00005637814 |
| 006 |
m o d |
| 007 |
cr |n|---||a|a |
| 008 |
080405s1971 riu o 000 0 eng d |
| 005 |
20250331202356.2 |
| 035 |
|
|
|a (OCoLC)ocn593629125
|
| 040 |
|
|
|a ALSTP
|b eng
|e pn
|c ALSTP
|d OCLCQ
|d OCLCO
|d COO
|d OCLCQ
|d IOG
|d WYU
|d TKN
|d DKC
|d OCLCQ
|d OCLCO
|d OCLCQ
|d SFB
|d OCLCO
|d OCLCF
|d OCLCO
|d CLO
|d OCLCO
|d OCLCQ
|
| 035 |
|
|
|a (OCoLC)593629125
|
| 050 |
|
4 |
|a HQ1438.R4
|b .R463 1971
|
| 082 |
0 |
4 |
|a 305.409745
|2 23
|
| 049 |
|
|
|a TXAM
|
| 110 |
2 |
|
|a Rhode Island Commission on Women.
|
| 245 |
1 |
0 |
|a Final report, 1971.
|
| 260 |
|
|
|a [Place of publication not identified] :
|b Rhode Island Commission on Women,
|c 1971.
|
| 300 |
|
|
|a 1 online resource (16 pages)
|
| 336 |
|
|
|a text
|b txt
|2 rdacontent
|
| 337 |
|
|
|a computer
|b c
|2 rdamedia
|
| 338 |
|
|
|a online resource
|b cr
|2 rdacarrier
|
| 588 |
0 |
|
|a Print version record.
|
| 650 |
|
0 |
|a Women
|z Rhode Island.
|
| 650 |
|
6 |
|a Femmes
|z Rhode Island.
|
| 650 |
|
7 |
|a Women
|2 fast
|
| 651 |
|
7 |
|a Rhode Island
|2 fast
|1 https://id.oclc.org/worldcat/entity/E39PBJht3YQmw7XRMQxCRVcF8C
|
| 655 |
|
7 |
|a Electronic books.
|2 local
|
| 710 |
2 |
|
|a Alexander Street (Firm)
|
| 830 |
|
0 |
|a Women and social movements: scholar's edition.
|
| 856 |
4 |
0 |
|u http://proxy.library.tamu.edu/login?url=https://www.aspresolver.com/aspresolver.asp?WASS;S10019439
|z Connect to the full text of this electronic book
|t 0
|
| 955 |
|
|
|a Alexander Street - Women and Social Movement in the United States 1600-2000
|
| 994 |
|
|
|a 92
|b TXA
|
| 999 |
f |
f |
|s de038a9b-31ba-493e-9d70-44d3e27edd19
|i 85befec9-7dc2-47c5-891b-0f4dadd4e917
|t 0
|
| 952 |
f |
f |
|a Texas A&M University
|b College Station
|c Electronic Resources
|d Available Online
|t 0
|e HQ1438.R4 .R463 1971
|h Library of Congress classification
|
| 998 |
f |
f |
|a HQ1438.R4 .R463 1971
|t 0
|l Available Online
|